000 01292nam a22002777a 4500
005 20240530110503.0
008 150502s2012 ua dk g 000 0 ara d
017 _a2011/19902
_bمصر . دار الكتب المصرية
040 _aEG-CaGPL
082 0 4 _221
_a025.344\
_bح ع
245 0 0 _aعالم المصادر المفتوحة وبرمجيتها :
_bدراسات تأصيلية /
_cاعداد حسناء محمود محجوب ، نجلاء محمود خليل ، محمد محمد النجار ، نها محمد عثمان ، ريهام عاصم غنيم
250 _aط1
260 _aالاسكندرية :
_bدار الثقافة العلمية ،
_c2012 .
300 _a269 ص ؛
_c24 سم
650 0 4 _aالمعلومات
_xعلم
650 0 4 _aاختزان واسترجاع المعلومات
650 0 4 _aنظم المعلومات
650 0 4 _aالمكتبات
_xعلم
700 0 _aحسناء محمود محجوب
_eمعد مشارك
700 0 _aريهام عاصم غنيم
_eمعد مشارك
700 0 _aنجلاء محمود خليل
_eمعد مشارك
700 0 _aمحمد محمد النجار
_eمعد مشارك
700 0 _aنها محمد عثمان
_eمعد مشارك
942 _2ddc
_cBK
999 _c61511
_d61511